[Event "Zilina Region-ch"]
[Site "Zilina"]
[Date "2012.05.05"]
[Round "2"]
[White "Piovar, Jaroslav"]
[Black "Blazej, Michal"]
[Result "1/2-1/2"]
[WhiteElo "1554"]
[BlackElo "1433"]
[PlyCount "100"]
[EventDate "2012.05.04"]
[EventType "swiss"]
[EventRounds "7"]
[EventCountry "SVK"]
[SourceTitle "CBM 148 Extra"]
[Source "ChessBase"]
[SourceDate "2012.06.22"]
[SourceVersion "1"]
[SourceVersionDate "2012.06.22"]
[SourceQuality "1"]

1. d4 d5 2. c4 c6 3. cxd5 cxd5 4. Nc3 Nf6 5. Bg5 e6 6. Qc2 Nc6 7. e3 Be7 8. a3 a6 9. Bd3 g6 10. Nge2 Bd7 11. f3 Rc8 12. Bh6 b5 13. b4 e5 14. dxe5 Nxe5 15. Nd4 Qc7 16. Rc1 Nxd3+ 17. Qxd3 Qb7 18. Bg7 Rg8 19. Bh6 Be6 20. 0-0 Nd7 21. f4 Bf6 22. h3 Nb6 23. Nce2 Nc4 24. Kh2 Qd7 25. g4 Qd6 26. g5 Bh8 27. Kg2 Qd7 28. Ng1 Bxd4 29. exd4 Bf5 30. Rfe1+ Kd8 31. Qb3 Re8 32. Bg7 Re4 33. Bf6+ Ke8 34. Be5 Kf8 35. Rxe4 Bxe4+ 36. Kg3 Nxe5 37. Rxc8+ Qxc8 38. fxe5 Qc4 39. Qe3 Qd3 40. Qxd3 Bxd3 41. Nf3 Ke7 42. Nd2 Bc4 43. h4 Ke6 44. Kf4 Ba2 45. Nf3 Bb1 46. Nh2 Bf5 47. Nf3 Bc2 48. Ne1 Be4 49. Kg4 Bf5+ 50. Kf4 Be4 1/2-1/2

[Event "Zilina Region-ch"]
[Site "Zilina"]
[Date "2012.05.04"]
[Round "1"]
[White "Blazej, Michal"]
[Black "Uher, Lubomir"]
[Result "0-1"]
[WhiteElo "1433"]
[BlackElo "1717"]
[PlyCount "112"]
[EventDate "2012.05.04"]
[EventType "swiss"]
[EventRounds "7"]
[EventCountry "SVK"]
[SourceTitle "CBM 148 Extra"]
[Source "ChessBase"]
[SourceDate "2012.06.22"]
[SourceVersion "1"]
[SourceVersionDate "2012.06.22"]
[SourceQuality "1"]

1. e4 d5 2. exd5 Nf6 3. Nf3 Nxd5 4. Bc4 c6 5. d4 g6 6. 0-0 Bg7 7. c3 0-0 8. Bxd5 cxd5 9. Bf4 Nc6 10. h3 Qb6 11. b3 Bf5 12. Nbd2 Rfe8 13. Re1 Rac8 14. Nf1 Be4 15. Ng3 Bxf3 16. Qxf3 e5 17. dxe5 Nxe5 18. Bxe5 Bxe5 19. Rac1 a6 20. Ne2 Re6 21. Qxd5 Rd8 22. Qf3 Rf6 23. Qe3 Qxe3 24. fxe3 Rd2 25. a4 g5 26. Rcd1 Rb2 27. b4 h5 28. Rd5 Re6 29. b5 g4 30. hxg4 hxg4 31. Nd4 Re8 32. Re2 Rb1+ 33. Kf2 g3+ 34. Kf3 f5 35. Nxf5 Rf1+ 36. Kg4 Kh8 37. Nh6 Re6 38. Rxe5 Rxe5 39. Kxg3 Rg5+ 40. Ng4 axb5 41. axb5 Rxb5 42. e4 Rf8 43. e5 Rb3 44. Re3 Ra3 45. e6 Raa8 46. Re5 Rae8 47. c4 Rg8 48. Kh4 Rg6 49. e7 Kg7 50. c5 Kf7 51. g3 Rxe7 52. Rxe7+ Kxe7 53. Ne5 Re6 54. Nd3 Re3 55. Nb4 Re4+ 56. g4 Rxb4 0-1